000 00918nam a2200217Ia 4500
003 Ost
005 20260507075023.0
008 260507s9999||||xx |||||||||||||| ||und||
020 _a1685919977
040 _cfsecg
041 _aara
082 _a330
100 _aروثمان، هوارد
_eمؤلف
245 0 _a50 شركة غيرت العالم :
_bصورة مختصرة لي 50 شركة كبيرة وصغيرة /
_c هوارد روثمان
260 _aالقاهرة:
_bمجموعة النيل العربية,
_c2003
300 _a382 صفحة؛
_bإيضاحات ؛
_c24 سم
520 _aالشركات الكبرى التي غيرت مجال الصناعة- الشركات التي غيرت مسار المشروعات التجارية الحديثة- كبرى شركات العالم- 50 شركة بدون منازع
653 _aالشركات
653 _aالمشروعات
942 _cكتاب
999 _c42305
_d42305